000 00514nam a22001697a 4500
005 20251108165014.0
008 250721s1984 xx 000 0 ara d
082 1 4 _aط/372.21/مع
245 1 0 _aعالم الأطفال في صور مع الطفل /
264 1 _aبيروت :
_bمكتبة لبنان،
_c1984.
300 _a50ص.
650 1 7 _aتعلم
650 1 7 _aاطفال رياض الاطفال
653 _aاطفال ما قبل المدرسه (0-5)سنوات
942 _2ddc
_cBK
999 _c19664
_d19664